| 000 | 00829nam a2200241 a 4500 | ||
|---|---|---|---|
| 999 |
_c2838 _d2838 |
||
| 001 | 2838 | ||
| 003 | BD-JhCC | ||
| 005 | 20181025134016.0 | ||
| 008 | 171107s2006 bg |||| ||a| 000 0 ben d | ||
| 020 | _a9843205278 | ||
| 035 | _a(BD-JhCC)2838 | ||
| 040 |
_aBD-JhCC _dBD-JhCC |
||
| 041 | _aben | ||
| 082 |
_a822.33 _bSHA 2006 |
||
| 100 | _aউইলিয়াম শেক্সপিয়ার | ||
| 245 |
_aউইলিয়াম শেক্সপিয়ার রচনাসমগ্র / _cরফিকুজ্জামান খান (সম্পা) |
||
| 260 |
_aঢাকা : _bমৌ প্রকাশনী, _c2006 |
||
| 300 |
_a503 p. : _c24 cm. |
||
| 650 | _aEnglish Drama | ||
| 700 | _aখান, রফিকুজ্জামান (সম্পা) | ||
| 942 |
_2ddc _cBK _02 |
||